LEADER 01807oam 2200421Ia 450 001 9910699945903321 005 20110127115201.0 035 $a(CKB)5470000002406498 035 $a(OCoLC)697198216 035 $a(EXLCZ)995470000002406498 100 $a20110117d2010 ua 0 101 0 $aeng 135 $aurcn||||||||| 181 $ctxt$2rdacontent 182 $cc$2rdamedia 183 $acr$2rdacarrier 200 00$aResonant vibrations resulting from the re-engineering of a constant-speed 2-bladed turbine to a variable-speed 3-bladed turbine$b[electronic resource] $epreprint /$fP.A. Fleming ... [and others] 210 1$a[Golden, CO] :$cNational Renewable Energy Laboratory,$d[2010] 215 $a1 online resource (14 pages) $ccolor illustrations 225 1 $aNREL/CP ;$v5000-50009 300 $aTitle from title screen (viewed January 17, 2011). 300 $a"To be presented at 49th AIAA Aerospace Sciences Meeting, 2011, Orlando, Florida, January 4-7, 2011." 300 $a"December 2010." 320 $aIncludes bibliographical references (page 14). 517 $aResonant vibrations resulting from the re-engineering of a constant-speed 2-bladed turbine to a variable-speed 3-bladed turbine 606 $aWind turbines$xVibration$xResearch 606 $aFrequencies of oscillating systems 615 0$aWind turbines$xVibration$xResearch. 615 0$aFrequencies of oscillating systems. 701 $aFleming$b Paul A$01415597 712 02$aNational Renewable Energy Laboratory (U.S.) 801 0$bSOE 801 1$bSOE 801 2$bGPO 906 $aBOOK 912 $a9910699945903321 996 $aResonant vibrations resulting from the re-engineering of a constant-speed 2-bladed turbine to a variable-speed 3-bladed turbine$93518100 997 $aUNINA